[Event "Edmonton-A 8th"]
[Site "Edmonton"]
[Date "2013.06.27"]
[Round "5"]
[White "Doroshenko, Maxim"]
[Black "Short, Nigel D"]
[Result "0-1"]
[WhiteElo "2336"]
[BlackElo "2682"]
[PlyCount "144"]
[EventDate "2013.06.22"]
[EventType "tourn"]
[EventRounds "9"]
[EventCountry "CAN"]
[EventCategory "8"]
[SourceTitle "CBM 155 Extra"]
[Source "ChessBase"]
[SourceDate "2013.08.26"]
[SourceVersion "1"]
[SourceVersionDate "2013.08.26"]
[SourceQuality "1"]

1. Nf3 d5 2. d4 Bg4 3. e3 e6 4. c4 c6 5. Nc3 Nd7 6. h3 Bh5 7. Be2 Ngf6 8. 0-0 Bd6 9. b3 0-0 10. Bb2 Qb8 11. Nh4 Bxe2 12. Qxe2 Re8 13. Rad1 a5 14. Nf3 h6 15. e4 Nxe4 16. Nxe4 dxe4 17. Qxe4 a4 18. Rfe1 axb3 19. axb3 Qd8 20. Qc2 Bb4 21. Re3 Qc7 22. Ne5 Nxe5 23. dxe5 Red8 24. Red3 Rxd3 25. Qxd3 Bc5 26. Rd2 Qb6 27. g4 Be7 28. Bd4 Qa5 29. Qe3 Qb4 30. Qc3 g5 31. Qxb4 Bxb4 32. Re2 Ra3 33. Re3 c5 34. Bb2 Ra2 35. Bc3 Ba3 36. Rd3 Rc2 37. Kg2 b6 38. Kf3 Bc1 39. Kg2 Bf4 40. Kf3 Rc1 41. Ke4 Rb1 42. Rd8+ Kg7 43. Rb8 Rxb3 44. Ba5 Rxh3 45. Bxb6 Rc3 46. Bxc5 Rxc4+ 47. Bd4 Rc1 48. Rb5 Kg6 49. Kf3 Re1 50. Ra5 h5 51. gxh5+ Kxh5 52. Rb5 Kg6 53. Ra5 Kf5 54. Ra7 g4+ 55. Kg2 Kg6 56. Ra5 Rd1 57. Bc3 Rd3 58. Bb2 g3 59. fxg3 Rxg3+ 60. Kf2 Rd3 61. Rb5 Rd5 62. Rxd5 exd5 63. Kf3 Kf5 64. Bd4 Bxe5 65. Bf2 d4 66. Bh4 Bf4 67. Bd8 Bh6 68. Bb6 Ke5 69. Ba5 Kd5 70. Bb6 f5 71. Ba7 d3 72. Bb6 Kc4 0-1

[Event "Edmonton-A 8th"]
[Site "Edmonton"]
[Date "2013.06.26"]
[Round "4"]
[White "Mikhalevski, Victor"]
[Black "Doroshenko, Maxim"]
[Result "0-1"]
[WhiteElo "2551"]
[BlackElo "2336"]
[PlyCount "70"]
[EventDate "2013.06.22"]
[EventType "tourn"]
[EventRounds "9"]
[EventCountry "CAN"]
[EventCategory "8"]
[SourceTitle "CBM 155 Extra"]
[Source "ChessBase"]
[SourceDate "2013.08.26"]
[SourceVersion "1"]
[SourceVersionDate "2013.08.26"]
[SourceQuality "1"]

1. c4 c6 2. g3 d5 3. Bg2 Nf6 4. Nf3 Bg4 5. 0-0 Nbd7 6. d3 e6 7. Nbd2 Bd6 8. b3 0-0 9. Bb2 Qe7 10. a3 a5 11. Re1 Bh5 12. Qc2 Rfe8 13. e4 dxe4 14. Nxe4 Nxe4 15. Rxe4 Bg6 16. Re3 h6 17. Qc3 Qf8 18. d4 Be7 19. Qe1 Bf6 20. Bc3 a4 21. Bb4 c5 22. dxc5 axb3 23. Rxb3 Nxc5 24. Re3 Bxa1 25. Qxa1 Qd6 26. Qe5 Qxe5 27. Nxe5 Rec8 28. Nxg6 fxg6 29. Bxc5 Rxc5 30. Rxe6 Rc7 31. Rxg6 Rxa3 32. Bd5+ Kf8 33. Rb6 Ra7 34. h4 Ke8 35. Kg2 Kd8 0-1

[Event "British Columbia-ch"]
[Site "Burnaby"]
[Date "2011.10.09"]
[Round "5.4"]
[White "Doroshenko, Maxim"]
[Black "McLaren, Brian"]
[Result "1-0"]
[WhiteElo "2542"]
[BlackElo "2186"]
[PlyCount "75"]
[EventDate "2011.10.07"]
[EventType "tourn"]
[EventRounds "7"]
[EventCountry "CAN"]
[SourceTitle "EXT 2022"]
[Source "ChessBase"]
[SourceDate "2021.10.06"]
[SourceVersion "1"]
[SourceVersionDate "2021.10.06"]
[SourceQuality "1"]

1. d4 d5 2. Nf3 c6 3. g3 Bg4 4. Ne5 Bf5 5. Bg2 Nd7 6. Nd3 Ngf6 7. 0-0 e6 8. b3 Be7 9. Bb2 0-0 10. Nd2 Rc8 11. c4 Bg6 12. Nf4 b5 13. Nxg6 hxg6 14. c5 Nh5 15. b4 a5 16. bxa5 Qxa5 17. Qc2 Ra8 18. e4 Qa4 19. Qd3 Nhf6 20. e5 Ne8 21. Bf3 Nc7 22. Bd1 Qa6 23. h4 Rfb8 24. Kg2 Nf8 25. Rh1 b4 26. Qe3 Nb5 27. h5 Qc8 28. hxg6 Nxg6 29. Bc2 Na3 30. Bxg6 fxg6 31. Bxa3 Rxa3 32. Nb3 Qf8 33. g4 g5 34. Qd3 Qf4 35. Qh7+ Kf7 36. Qh5+ g6 37. Qh7+ Ke8 38. Qg8+ 1-0

[Event "British Columbia-ch"]
[Site "Burnaby"]
[Date "2011.10.08"]
[Round "3.4"]
[White "Sohal, Tanraj"]
[Black "Doroshenko, Maxim"]
[Result "1/2-1/2"]
[WhiteElo "2186"]
[BlackElo "2542"]
[PlyCount "34"]
[EventDate "2011.10.07"]
[EventType "tourn"]
[EventRounds "7"]
[EventCountry "CAN"]
[SourceTitle "EXT 2022"]
[Source "ChessBase"]
[SourceDate "2021.10.06"]
[SourceVersion "1"]
[SourceVersionDate "2021.10.06"]
[SourceQuality "1"]

1. d4 Nf6 2. c4 g6 3. Nc3 Bg7 4. e4 d6 5. Nf3 0-0 6. Be2 Nbd7 7. 0-0 e5 8. dxe5 dxe5 9. Qc2 c6 10. b3 Re8 11. Ba3 Qc7 12. Rad1 Bf8 13. Bxf8 Nxf8 14. Qd2 Bg4 15. Qg5 Kg7 16. Nh4 Ne6 17. Qe3 Bxe2 1/2-1/2

[Event "Keres Memorial 36th"]
[Site "Vancouver"]
[Date "2011.05.23"]
[Round "7"]
[White "Doroshenko, Maxim"]
[Black "Toubale, Tarek"]
[Result "1-0"]
[WhiteElo "2295"]
[BlackElo "2205"]
[PlyCount "77"]
[EventDate "2011.05.20"]
[EventType "swiss"]
[EventRounds "7"]
[EventCountry "CAN"]
[SourceTitle "CBM 142 Extra"]
[Source "ChessBase"]
[SourceDate "2011.06.27"]
[SourceVersion "1"]
[SourceVersionDate "2011.06.27"]
[SourceQuality "1"]

1. d4 Nf6 2. Nf3 g6 3. c4 Bg7 4. Nc3 d6 5. e4 0-0 6. Be2 e5 7. Be3 Ng4 8. Bg5 f6 9. Bh4 c6 10. h3 Nh6 11. g4 Qb6 12. Rb1 Nf7 13. d5 a5 14. Na4 Qc7 15. dxc6 bxc6 16. c5 Be6 17. a3 Nd7 18. Qc2 Rfb8 19. Bc4 d5 20. Ba2 Rd8 21. b4 axb4 22. axb4 Nf8 23. exd5 cxd5 24. 0-0 d4 25. Bxe6 Nxe6 26. b5 e4 27. Qxe4 Nxc5 28. Nxc5 Qxc5 29. b6 Rab8 30. Rfc1 Qd6 31. Rc6 Qd7 32. Rc7 Qd6 33. Bg3 Qf8 34. Qd3 Ne5 35. Bxe5 fxe5 36. Qc4+ Kh8 37. Ng5 h6 38. Nf7+ Kh7 39. Nxd8 1-0

[Event "Keres Memorial 36th"]
[Site "Vancouver"]
[Date "2011.05.21"]
[Round "2"]
[White "Doroshenko, Maxim"]
[Black "Patterson, Roger"]
[Result "1-0"]
[WhiteElo "2295"]
[BlackElo "2157"]
[PlyCount "53"]
[EventDate "2011.05.20"]
[EventType "swiss"]
[EventRounds "7"]
[EventCountry "CAN"]
[SourceTitle "CBM 142 Extra"]
[Source "ChessBase"]
[SourceDate "2011.06.27"]
[SourceVersion "1"]
[SourceVersionDate "2011.06.27"]
[SourceQuality "1"]

1. d4 f5 2. g3 Nf6 3. Bg2 g6 4. Nh3 Bg7 5. 0-0 0-0 6. c3 d6 7. Qb3+ d5 8. Nf4 c6 9. Nd3 Nbd7 10. Nd2 Qe8 11. Nf3 Nh5 12. c4 e6 13. Nfe5 Ndf6 14. f3 dxc4 15. Qxc4 Nd5 16. e4 Nb6 17. Qb3 fxe4 18. fxe4 Rxf1+ 19. Bxf1 Nf6 20. Nc5 Kh8 21. Be3 Nbd7 22. Nexd7 Bxd7 23. Bh3 e5 24. Nxd7 Nxd7 25. Qxb7 Nb6 26. d5 Nc4 27. dxc6 1-0

[Event "Bucharest"]
[Site "Bucharest"]
[Date "1995.??.??"]
[Round "2"]
[White "Doroshenko, Maxim"]
[Black "Popescu, Daniel Dorin"]
[Result "1/2-1/2"]
[WhiteElo "2330"]
[BlackElo "2420"]
[PlyCount "20"]
[EventDate "1995.??.??"]
[EventType "tourn"]
[EventRounds "13"]
[EventCountry "ROU"]
[EventCategory "6"]
[SourceTitle "EXT 1998"]
[Source "ChessBase"]
[SourceDate "1997.11.17"]
[SourceVersion "1"]
[SourceVersionDate "1997.11.17"]
[SourceQuality "1"]

1. d4 Nf6 2. g3 d6 3. Bg2 e5 4. dxe5 dxe5 5. Qxd8+ Kxd8 6. Nf3 Bd6 7. 0-0 Ke7 8. c4 Na6 9. Nc3 c6 10. Nd2 Be6 1/2-1/2

[Event "Bucharest"]
[Site "Bucharest"]
[Date "1995.??.??"]
[Round "10"]
[White "Grigore, George Gabriel"]
[Black "Doroshenko, Maxim"]
[Result "1-0"]
[WhiteElo "2445"]
[BlackElo "2330"]
[PlyCount "79"]
[EventDate "1995.??.??"]
[EventType "tourn"]
[EventRounds "13"]
[EventCountry "ROU"]
[EventCategory "6"]
[SourceTitle "EXT 1998"]
[Source "ChessBase"]
[SourceDate "1997.11.17"]
[SourceVersion "1"]
[SourceVersionDate "1997.11.17"]
[SourceQuality "1"]

1. d4 Nf6 2. c4 e6 3. Nc3 Bb4 4. Qc2 0-0 5. a3 Bxc3+ 6. Qxc3 b6 7. Nf3 Ne4 8. Qc2 Bb7 9. e3 f5 10. Be2 d6 11. 0-0 Nd7 12. b4 Qe7 13. Ne1 c5 14. f3 Nef6 15. Bd3 g6 16. Rb1 Bc6 17. Bd2 Rab8 18. Bc3 Nh5 19. Rf2 f4 20. e4 cxd4 21. Bxd4 e5 22. Bc3 g5 23. Rd2 Rf6 24. Rbd1 Kh8 25. Be2 Rg8 26. Nd3 g4 27. c5 gxf3 28. Bxf3 Ng7 29. cxd6 Rxd6 30. Qb2 Ba4 31. Nxe5 Bxd1 32. Rxd6 Nxe5 33. Bxe5 Bxf3 34. gxf3 Qg5+ 35. Kh1 Qh4 36. Rd7 Qe1+ 37. Kg2 h5 38. Rxg7 Rxg7+ 39. Bxg7+ Kg8 40. Bh6 1-0

[Event "Bucharest"]
[Site "Bucharest"]
[Date "1995.??.??"]
[Round "1"]
[White "Manolache, Marius"]
[Black "Doroshenko, Maxim"]
[Result "1-0"]
[WhiteElo "2375"]
[BlackElo "2330"]
[PlyCount "83"]
[EventDate "1995.??.??"]
[EventType "tourn"]
[EventRounds "13"]
[EventCountry "ROU"]
[EventCategory "6"]
[SourceTitle "EXT 1998"]
[Source "ChessBase"]
[SourceDate "1997.11.17"]
[SourceVersion "1"]
[SourceVersionDate "1997.11.17"]
[SourceQuality "1"]

1. d4 Nf6 2. c4 e6 3. Nc3 Bb4 4. e3 c5 5. Bd3 0-0 6. Nge2 d5 7. cxd5 exd5 8. a3 cxd4 9. axb4 dxc3 10. 0-0 Nc6 11. bxc3 Bg4 12. f3 Be6 13. Nd4 Ne5 14. Bc2 Qb6 15. Qe1 Rac8 16. Qg3 Nc6 17. Bd2 a6 18. Kh1 Rfe8 19. Nxc6 Qxc6 20. Bd3 Qc7 21. Qh4 Qd7 22. g4 h6 23. g5 hxg5 24. Qxg5 Nh7 25. Qh5 g6 26. Rg1 Nf8 27. Rg3 Re7 28. c4 f5 29. c5 Rh7 30. Qg5 d4 31. e4 fxe4 32. Bxe4 Rg7 33. Rag1 Re8 34. Bf4 Bf7 35. Be5 Rh7 36. Bd6 Rg7 37. Qf6 Re6 38. Qxd4 Qe8 39. Bd5 Re2 40. Bxf8 Rxh2+ 41. Kxh2 Rh7+ 42. Rh3 1-0

[Event "Bucharest"]
[Site "Bucharest"]
[Date "1995.??.??"]
[Round "5"]
[White "Tomescu, Vlad"]
[Black "Doroshenko, Maxim"]
[Result "1/2-1/2"]
[WhiteElo "2395"]
[BlackElo "2330"]
[PlyCount "80"]
[EventDate "1995.??.??"]
[EventType "tourn"]
[EventRounds "13"]
[EventCountry "ROU"]
[EventCategory "6"]
[SourceTitle "EXT 1998"]
[Source "ChessBase"]
[SourceDate "1997.11.17"]
[SourceVersion "1"]
[SourceVersionDate "1997.11.17"]
[SourceQuality "1"]

1. e4 c5 2. Nf3 Nc6 3. d4 cxd4 4. Nxd4 e5 5. Nb5 d6 6. a4 Nf6 7. N1c3 Be7 8. Bg5 a6 9. Bxf6 gxf6 10. Na3 f5 11. exf5 Bxf5 12. Nc4 Nd4 13. Bd3 Be6 14. a5 Rc8 15. Nb6 Rc5 16. Ne4 Rxa5 17. Rxa5 Qxb6 18. Ra1 d5 19. Ng3 e4 20. Be2 Qxb2 21. 0-0 Qc3 22. Rb1 b5 23. Ra1 a5 24. Bg4 f5 25. Bxf5 Nxf5 26. Qh5+ Kd7 27. Nxf5 Qe5 28. g4 Bd8 29. f3 exf3 30. Rae1 Qc3 31. Rxe6 Kxe6 32. Qh6+ Bf6 33. Rxf3 Qe1+ 34. Kg2 Qe2+ 35. Kg3 Qe5+ 36. Kh3 Kd7 37. Rg3 Rg8 38. Rf3 Rg6 39. Qxh7+ Rg7 40. Qh6 Bg5 1/2-1/2

[Event "Bucharest-B"]
[Site "Bucharest"]
[Date "1994.??.??"]
[Round "?"]
[White "Doroshenko, Maxim"]
[Black "Badea, Bela"]
[Result "0-1"]
[WhiteElo "2270"]
[BlackElo "2380"]
[PlyCount "96"]
[EventDate "1994.??.??"]
[EventType "tourn"]
[EventRounds "15"]
[EventCountry "ROU"]
[EventCategory "4"]
[SourceTitle "EXT 1997"]
[Source "ChessBase"]
[SourceDate "1996.11.15"]
[SourceVersion "1"]
[SourceVersionDate "1996.11.15"]
[SourceQuality "1"]

1. d4 Nf6 2. Nf3 g6 3. c4 Bg7 4. Nc3 0-0 5. e4 d6 6. Be2 Nbd7 7. e5 Ne8 8. Bf4 c6 9. Qd2 dxe5 10. dxe5 Nc7 11. Rd1 Ne6 12. Bg3 Qc7 13. Qe3 Qb6 14. Qc1 a5 15. 0-0 a4 16. Rfe1 Qb4 17. Bf1 Ndc5 18. Kh1 Bd7 19. Bh4 Rfe8 20. Nd4 Nxd4 21. Rxd4 Bf5 22. f3 h5 23. Bf2 Red8 24. Red1 Rxd4 25. Bxd4 Ne6 26. f4 Nxd4 27. Rxd4 f6 28. exf6 Bxf6 29. a3 Qc5 30. Rd1 h4 31. Be2 Kf7 32. Qd2 Qb6 33. h3 Qf2 34. Bg4 Qxd2 35. Rxd2 Ra5 36. Bxf5 Rxf5 37. Nxa4 Rxf4 38. g3 Rxc4 39. Nb6 Rd4 40. Rf2 hxg3 41. Rf3 Kg7 42. Rxg3 Rd1+ 43. Kg2 Rd2+ 44. Kf3 Rxb2 45. Nc4 Rc2 46. Rg4 Rc3+ 47. Kg2 b5 48. Na5 c5 0-1

[Event "Wch U16"]
[Site "Szeged"]
[Date "1994.??.??"]
[Round "8"]
[White "Doroshenko, Maxim"]
[Black "Banikas, Hristos"]
[Result "1-0"]
[WhiteElo "2270"]
[BlackElo "2300"]
[PlyCount "97"]
[EventDate "1994.??.??"]
[EventType "swiss"]
[EventRounds "9"]
[EventCountry "HUN"]
[SourceTitle "TD"]
[Source "ChessBase"]
[SourceDate "1994.03.01"]
[SourceVersion "1"]
[SourceVersionDate "1994.03.01"]
[SourceQuality "1"]

1. d4 Nf6 2. g3 g6 3. Bg2 c5 4. Nf3 Bg7 5. c4 0-0 6. Nc3 d6 7. 0-0 Nc6 8. d5 Na5 9. Nd2 a6 10. Qc2 Rb8 11. b3 b5 12. Bb2 bxc4 13. bxc4 Bh6 14. f4 Ng4 15. Nd1 Rxb2 16. Qxb2 Bg7 17. Qc1 Bd4+ 18. Kh1 Bxa1 19. Qxa1 Qb6 20. h3 Qb4 21. Qc1 Nf6 22. e4 Bd7 23. a3 Qb6 24. Qc3 Nb7 25. Nf2 Qa5 26. Qb2 Rb8 27. e5 Nh5 28. Nfe4 Qd8 29. Rb1 Bf5 30. Kh2 Ng7 31. exd6 exd6 32. Nf6+ Kh8 33. Re1 Qf8 34. g4 Bc8 35. Nde4 h6 36. Nxd6 Nxd6 37. Qxb8 Nxc4 38. Nd7 Qd8 39. Ne5 Nxe5 40. fxe5 Kh7 41. Rf1 Qe8 42. Rc1 Qa4 43. Rxc5 Qf4+ 44. Kh1 Bd7 45. Qc7 Qe3 46. Rc1 Qxa3 47. Bf1 Qe7 48. Qd6 Qe8 49. e6 1-0

[Event "Bucharest-B"]
[Site "Bucharest"]
[Date "1994.??.??"]
[Round "?"]
[White "Doroshenko, Maxim"]
[Black "Bobu, Adrian"]
[Result "1/2-1/2"]
[WhiteElo "2270"]
[BlackElo "2335"]
[PlyCount "38"]
[EventDate "1994.??.??"]
[EventType "tourn"]
[EventRounds "15"]
[EventCountry "ROU"]
[EventCategory "4"]
[SourceTitle "EXT 1997"]
[Source "ChessBase"]
[SourceDate "1996.11.15"]
[SourceVersion "1"]
[SourceVersionDate "1996.11.15"]
[SourceQuality "1"]

1. Nf3 c5 2. c4 Nf6 3. Nc3 Nc6 4. g3 b6 5. Bg2 Bb7 6. 0-0 g6 7. d4 Nxd4 8. Nxd4 Bxg2 9. Kxg2 cxd4 10. Qxd4 Bg7 11. b3 0-0 12. Bb2 Ne8 13. Qd2 Nc7 14. Rfd1 d6 15. Nd5 Bxb2 16. Qxb2 Nxd5 17. Rxd5 Qc8 18. f3 Qb7 19. h4 f6 1/2-1/2

[Event "Bucharest-B"]
[Site "Bucharest"]
[Date "1994.??.??"]
[Round "?"]
[White "Doroshenko, Maxim"]
[Black "Ionescu, Doru Alexandru"]
[Result "0-1"]
[WhiteElo "2270"]
[BlackElo "2310"]
[PlyCount "94"]
[EventDate "1994.??.??"]
[EventType "tourn"]
[EventRounds "15"]
[EventCountry "ROU"]
[EventCategory "4"]
[SourceTitle "EXT 1997"]
[Source "ChessBase"]
[SourceDate "1996.11.15"]
[SourceVersion "1"]
[SourceVersionDate "1996.11.15"]
[SourceQuality "1"]

1. d4 Nf6 2. Nf3 g6 3. c4 Bg7 4. Nc3 d5 5. Bg5 Ne4 6. cxd5 Nxc3 7. bxc3 Qxd5 8. e3 0-0 9. Bxe7 Re8 10. Ba3 f5 11. Bd3 b6 12. Qa4 Qd7 13. Qb3+ Kh8 14. 0-0 Bb7 15. Bb5 c6 16. Bc4 Na6 17. Ng5 Bf6 18. Be6 Rxe6 19. Qxe6 Qxe6 20. Nxe6 g5 21. h4 h6 22. hxg5 hxg5 23. f4 g4 24. Nf8 Kg7 25. Nd7 Bh4 26. c4 Re8 27. Ne5 Re6 28. Rfd1 Rh6 29. Kf1 Nc7 30. Ke2 b5 31. Nd7 Kg6 32. Nc5 Ba8 33. Rg1 bxc4 34. g3 Nb5 35. Bb4 Bxg3 36. Rxg3 Rh2+ 37. Kd1 c3 38. Nb3 c5 39. Bxc5 Bc6 40. Rc1 c2+ 41. Ke1 Nc3 42. Rg1 Ne2 43. Rf1 g3 44. Ba3 g2 45. Ra1 gxf1Q+ 46. Kxf1 Ng3+ 47. Kg1 Rg2# 0-1

[Event "Wch U16"]
[Site "Szeged"]
[Date "1994.??.??"]
[Round "5"]
[White "Doroshenko, Maxim"]
[Black "Kelly, Brian"]
[Result "1-0"]
[WhiteElo "2270"]
[BlackElo "2175"]
[PlyCount "115"]
[EventDate "1994.??.??"]
[EventType "swiss"]
[EventRounds "9"]
[EventCountry "HUN"]
[SourceTitle "TD"]
[Source "ChessBase"]
[SourceDate "1994.03.01"]
[SourceVersion "1"]
[SourceVersionDate "1994.03.01"]
[SourceQuality "1"]

1. Nf3 Nf6 2. c4 e6 3. d4 d5 4. cxd5 exd5 5. Nc3 c6 6. Bg5 Be7 7. e3 Bf5 8. Bd3 Bxd3 9. Qxd3 0-0 10. 0-0 Nbd7 11. Rab1 a5 12. Nd2 Re8 13. f3 Nh5 14. Bxe7 Qxe7 15. Rbe1 Qg5 16. f4 Qg6 17. Qxg6 hxg6 18. g4 Nhf6 19. g5 Nh7 20. h4 Nhf8 21. Nf3 f6 22. Kf2 Re7 23. Rh1 Nb6 24. h5 gxh5 25. Rxh5 Nc4 26. b3 Nd6 27. Rg1 Kf7 28. f5 Nxf5 29. g6+ Ke6 30. e4 Nd6 31. exd5+ Kd7 32. dxc6+ bxc6 33. d5 Ne4+ 34. Nxe4 Rxe4 35. dxc6+ Kxc6 36. Rc1+ Kb6 37. Nd2 Rd4 38. Nc4+ Kc7 39. Ke3 Ne6 40. Rb5 Ra6 41. Ne5+ Kd6 42. Nc4+ Ke7 43. Nxa5 Rdd6 44. b4 Rdb6 45. Rxb6 Rxb6 46. a4 f5 47. b5 f4+ 48. Ke4 Kf6 49. Nc6 Kxg6 50. Nd4 Nxd4 51. Kxd4 Kf5 52. Rb1 g5 53. a5 Rb8 54. a6 g4 55. b6 g3 56. a7 Rd8+ 57. Kc5 Rc8+ 58. Kd6 1-0

[Event "Bucharest-B"]
[Site "Bucharest"]
[Date "1994.??.??"]
[Round "?"]
[White "Doroshenko, Maxim"]
[Black "Moldovan, Daniel"]
[Result "0-1"]
[WhiteElo "2270"]
[BlackElo "2405"]
[PlyCount "76"]
[EventDate "1994.??.??"]
[EventType "tourn"]
[EventRounds "15"]
[EventCountry "ROU"]
[EventCategory "4"]
[SourceTitle "EXT 1997"]
[Source "ChessBase"]
[SourceDate "1996.11.15"]
[SourceVersion "1"]
[SourceVersionDate "1996.11.15"]
[SourceQuality "1"]

1. d4 d6 2. Nf3 g6 3. c4 Bg7 4. Nc3 Nf6 5. e4 0-0 6. Be2 Bg4 7. Be3 Nfd7 8. 0-0 Nc6 9. d5 Bxf3 10. Bxf3 Na5 11. Be2 Bxc3 12. bxc3 e5 13. dxe6 fxe6 14. f4 Qe7 15. Qc2 b6 16. Rf3 Nb7 17. Raf1 Nbc5 18. Rg3 Rf7 19. f5 Ne5 20. Bf4 Raf8 21. Bxe5 dxe5 22. fxg6 Rxf1+ 23. Bxf1 h6 24. g7 Rf4 25. Rf3 Rxf3 26. gxf3 Qg5+ 27. Kf2 Kxg7 28. Qd1 Kf7 29. h3 Ke7 30. Ke2 h5 31. Qe1 h4 32. Kd1 Qg3 33. Qe3 Kd6 34. Qd2+ Kc6 35. Qe2 Kb7 36. Kc2 Qg1 37. Kd1 Nd7 38. Kc2 Nf8 0-1

[Event "Bucharest-B"]
[Site "Bucharest"]
[Date "1994.??.??"]
[Round "?"]
[White "Doroshenko, Maxim"]
[Black "Sanduleac, Vasile"]
[Result "0-1"]
[WhiteElo "2270"]
[BlackElo "2300"]
[PlyCount "102"]
[EventDate "1994.??.??"]
[EventType "tourn"]
[EventRounds "15"]
[EventCountry "ROU"]
[EventCategory "4"]
[SourceTitle "EXT 1997"]
[Source "ChessBase"]
[SourceDate "1996.11.15"]
[SourceVersion "1"]
[SourceVersionDate "1996.11.15"]
[SourceQuality "1"]

1. d4 d6 2. Nf3 Bg4 3. g3 Bxf3 4. exf3 d5 5. Bg2 e6 6. 0-0 Nf6 7. b3 Bd6 8. f4 0-0 9. Bb2 Nbd7 10. Nd2 Qe7 11. a3 b5 12. Qe2 a6 13. c4 bxc4 14. bxc4 Rab8 15. Rfb1 dxc4 16. Nxc4 Nd5 17. Na5 Rb6 18. Rc1 Bxf4 19. gxf4 Nxf4 20. Qg4 Nxg2 21. Nc4 Nh4 22. Nxb6 Nxb6 23. d5 f5 24. Qxg7+ Qxg7+ 25. Bxg7 Kxg7 26. Rxc7+ Rf7 27. d6 Nf3+ 28. Kg2 Ne5 29. Rac1 Nbd7 30. f4 Ng6 31. Kf3 Kf6 32. R1c6 Nge5+ 33. fxe5+ Nxe5+ 34. Kf4 Nxc6 35. Rxc6 Rd7 36. Rxa6 e5+ 37. Kf3 Ke6 38. a4 Rxd6 39. Ra7 h5 40. Rh7 f4 41. Ke2 Kf5 42. Rxh5+ Ke4 43. Rh3 Rb6 44. Ra3 Rb2+ 45. Kf1 f3 46. a5 Kf4 47. a6 e4 48. Ra1 Rxh2 49. Kg1 Kg3 50. Ra3 Rb2 51. Ra1 e3 0-1

[Event "Wch U16"]
[Site "Szeged"]
[Date "1994.??.??"]
[Round "2"]
[White "Krakops, Maris"]
[Black "Doroshenko, Maxim"]
[Result "1-0"]
[WhiteElo "2385"]
[BlackElo "2270"]
[PlyCount "87"]
[EventDate "1994.??.??"]
[EventType "swiss"]
[EventRounds "9"]
[EventCountry "HUN"]
[SourceTitle "TD"]
[Source "ChessBase"]
[SourceDate "1994.03.01"]
[SourceVersion "1"]
[SourceVersionDate "1994.03.01"]
[SourceQuality "1"]

1. e4 c6 2. d4 d5 3. Nc3 dxe4 4. Nxe4 Bf5 5. Ng3 Bg6 6. Nf3 Nd7 7. Bd3 Bxd3 8. Qxd3 Ngf6 9. 0-0 e6 10. Re1 Be7 11. c4 0-0 12. b3 Qa5 13. a3 Rfd8 14. Bb2 b5 15. Nf5 Bf8 16. Ne3 Rac8 17. Qe2 bxc4 18. Nxc4 Qb5 19. b4 Nb6 20. Nce5 Bd6 21. Rac1 Na4 22. Nxc6 Qxe2 23. Rxe2 Nxb2 24. Rxb2 Kf8 25. Rbc2 Rd7 26. Nce5 Rdc7 27. Rxc7 Rxc7 28. Rxc7 Bxc7 29. Nc6 a6 30. Nfe5 Ke8 31. Nd3 Kd7 32. Nce5+ Kd6 33. Nc5 Kd5 34. Nxa6 Bb6 35. Nxf7 Kxd4 36. a4 Kc4 37. Nd6+ Kd5 38. Nc8 Bd8 39. Nc5 e5 40. Nb7 Bc7 41. b5 Nd7 42. a5 e4 43. Kf1 Be5 44. a6 1-0

[Event "ROM-chT"]
[Site "Romania"]
[Date "1994.??.??"]
[Round "?"]
[White "Racasan, Sebastian"]
[Black "Doroshenko, Maxim"]
[Result "1/2-1/2"]
[WhiteElo "2210"]
[BlackElo "2270"]
[PlyCount "87"]
[EventDate "1994.??.??"]
[EventType "team"]
[EventRounds "10"]
[EventCountry "ROU"]
[SourceTitle "EXT 1997"]
[Source "ChessBase"]
[SourceDate "1996.11.15"]
[SourceVersion "1"]
[SourceVersionDate "1996.11.15"]
[SourceQuality "1"]

1. d4 d5 2. c4 c6 3. Nf3 Nf6 4. Nc3 a6 5. a4 g6 6. Bf4 Bg7 7. h3 0-0 8. e3 Qa5 9. Nd2 Ne4 10. Ndxe4 dxe4 11. Qd2 e5 12. dxe5 Bxe5 13. Bxe5 Qxe5 14. 0-0-0 Re8 15. Qd4 Qxd4 16. Rxd4 f5 17. a5 Nd7 18. Na4 Rb8 19. Be2 Ne5 20. Rhd1 Be6 21. Kc2 Kf7 22. Kc3 Ke7 23. Nc5 Nf7 24. Kb4 b6 25. axb6 Rxb6+ 26. Kc3 Reb8 27. Rb1 a5 28. b3 Ne5 29. Bd1 Nd7 30. Nxd7 Bxd7 31. Ra1 Ra8 32. Rd2 c5 33. Rd5 Rc6 34. Bc2 Be6 35. Rd2 Raa6 36. Rad1 Rd6 37. Kb2 Rxd2 38. Rxd2 Rd6 39. Rxd6 Kxd6 40. Ka3 Bd7 41. h4 Ke5 42. g3 h6 43. Bd1 Be8 44. Kb2 1/2-1/2

[Event "Wch U16"]
[Site "Szeged"]
[Date "1994.??.??"]
[Round "6"]
[White "Socko, Bartosz"]
[Black "Doroshenko, Maxim"]
[Result "1-0"]
[WhiteElo "2335"]
[BlackElo "2270"]
[PlyCount "79"]
[EventDate "1994.??.??"]
[EventType "swiss"]
[EventRounds "9"]
[EventCountry "HUN"]
[SourceTitle "TD"]
[Source "ChessBase"]
[SourceDate "1994.03.01"]
[SourceVersion "1"]
[SourceVersionDate "1994.03.01"]
[SourceQuality "1"]

1. e4 c6 2. d4 d5 3. Nd2 dxe4 4. Nxe4 Bf5 5. Ng3 Bg6 6. h4 h6 7. f4 Nf6 8. Nf3 Nbd7 9. h5 Bh7 10. Bd3 Bxd3 11. Qxd3 e6 12. Bd2 Qc7 13. 0-0-0 c5 14. Ne5 cxd4 15. Qxd4 Bc5 16. Qa4 0-0 17. Nxd7 Nxd7 18. Ne4 Nb6 19. Qb3 Bd4 20. Kb1 Rfd8 21. g3 Bc5 22. g4 Nd5 23. Nxc5 Qxc5 24. g5 Nxf4 25. gxh6 Nxh5 26. Qxb7 g6 27. Rdf1 Rf8 28. c4 Rab8 29. h7+ Kxh7 30. Qe4 f5 31. Qxe6 Qd4 32. Bc1 Rfe8 33. Qa6 f4 34. Ka1 f3 35. Rfg1 Qb6 36. Qa4 f2 37. Rxh5+ Kg7 38. Qd7+ Kf6 39. Bg5+ Ke5 40. Qd5# 1-0

[Event "ROM-chT"]
[Site "Romania"]
[Date "1994.??.??"]
[Round "?"]
[White "Tufa, Mihai"]
[Black "Doroshenko, Maxim"]
[Result "1/2-1/2"]
[WhiteElo "2285"]
[BlackElo "2270"]
[PlyCount "41"]
[EventDate "1994.??.??"]
[EventType "team"]
[EventRounds "10"]
[EventCountry "ROU"]
[SourceTitle "EXT 1997"]
[Source "ChessBase"]
[SourceDate "1996.11.15"]
[SourceVersion "1"]
[SourceVersionDate "1996.11.15"]
[SourceQuality "1"]

1. e4 c6 2. d4 d5 3. exd5 cxd5 4. c4 Nf6 5. Nc3 e6 6. Nf3 Bb4 7. Bd3 dxc4 8. Bxc4 0-0 9. 0-0 Qc7 10. Qb3 Bxc3 11. bxc3 Nc6 12. Bd3 b6 13. Bg5 Bb7 14. Qc2 h6 15. Bxf6 gxf6 16. Qd2 Kg7 17. Nh4 Ne7 18. Qe2 Qxc3 19. Rac1 Qxd4 20. Rc4 Qd6 21. Rg4+ 1/2-1/2

[Event "Kishinev op"]
[Site "Kishinev"]
[Date "1993.??.??"]
[Round "?"]
[White "Doroshenko, Maxim"]
[Black "Sanduleac, Vasile"]
[Result "1/2-1/2"]
[WhiteElo "2310"]
[BlackElo "2325"]
[PlyCount "31"]
[EventDate "1993.??.??"]
[EventType "swiss"]
[EventRounds "9"]
[EventCountry "MDA"]
[SourceTitle "EXT 1997"]
[Source "ChessBase"]
[SourceDate "1996.11.15"]
[SourceVersion "1"]
[SourceVersionDate "1996.11.15"]
[SourceQuality "1"]

1. e4 e5 2. d4 d5 3. exd5 exd4 4. Bd3 Bd6 5. c3 c6 6. Ne2 Ne7 7. 0-0 0-0 8. Bf4 Bf5 9. Bxd6 Qxd6 10. Bxf5 Nxf5 11. Nd2 Nd7 12. Nf3 Nf6 13. Nd2 Nd7 14. Nf3 Nf6 15. Ng3 Nxg3 16. hxg3 1/2-1/2